[Event "89th Hastings Masters 2013-14"]
[Site "Hastings ENG"]
[Date "2014.01.03"]
[Round "7.43"]
[White "McKenna, John R"]
[Black "French, Max"]
[Result "0-1"]
[WhiteElo "1735"]
[BlackElo "1718"]
[WhiteFideId "406180"]
[BlackFideId "426652"]
[EventDate "2013.12.28"]

1. d4 Nf6 2. Nf3 d5 3. Bf4 c5 4. c3 Qb6 5. Qc1 Nc6 6. e3 g6 7. Be2 Bg7 8. h3 O-O
9. Nbd2 Bd7 10. O-O Rac8 11. a3 Nh5 12. Bh2 cxd4 13. exd4 Nxd4 14. Nxd4 Bxd4 15.
Bxh5 gxh5 16. Nf3 Bg7 17. Ne5 Bxe5 18. Bxe5 Qg6 19. Qe3 b6 20. Rad1 Ba4 21. Rd2
f6 22. Bh2 e5 23. f4 Bb5 24. f5 Qf7 25. Re1 Rc4 26. Qf3 Bc6 27. Qe2 Re4 28. Qf2
Rxe1+ 29. Qxe1 Rd8 30. Qf2 Qg7 31. Rd3 Qe7 32. b4 Kf8 33. Qd2 Qf7 34. Qh6+ Ke8
35. Rg3 Rd7 36. Qe3 Kd8 37. Qe2 Kc8 38. Qa6+ Kb8 39. Qd3 Ka8 40. b5 Bb7 41. a4
Rd8 42. Qd1 Rg8 43. Rxg8+ Qxg8 44. Qd2 Qf8 45. Qc2 Qc5+ 46. Kh1 d4 47. Bg1 Qxc3
48. Qxc3 dxc3 49. Be3 Be4 50. Kg1 Bxf5 51. Kf2 Kb7 52. Ke2 Bc2 53. a5 bxa5 54.
Bc5 Be4 55. g3 c2 56. Kd2 a4 57. Be7 f5 58. Bd6 Kb6 59. Bxe5 Kxb5 60. h4 a3 61.
Bd6 a2 62. Be5 Kc5 63. Kc1 Kd5 64. Bg7 Ke6 65. Bc3 Kd5 66. Bg7 Bd3 67. Kd2 Ke4
68. Kc1 Kf3 69. Be5 a5 70. Kd2 Be4 71. Kc1 a4 72. Kd2 a3 73. Kc1 a1=Q+ 74. Bxa1
Kxg3 0-1

[Event "89th Hastings Masters 2013-14"]
[Site "Hastings ENG"]
[Date "2014.01.03"]
[Round "7.45"]
[White "Mitchell, Robert1"]
[Black "Dean, Michael J"]
[Result "1-0"]
[WhiteElo "1674"]
[BlackElo "1597"]
[WhiteFideId "4302095"]
[BlackFideId "416100"]
[EventDate "2013.12.28"]

1. d4 Nf6 2. c4 c5 3. Nf3 cxd4 4. Nxd4 g6 5. g3 Bg7 6. Bg2 O-O 7. O-O Nc6 8. e3
Nxd4 9. exd4 Rb8 10. Nc3 b6 11. Bf4 d6 12. Qa4 Bb7 13. d5 Bc8 14. Rac1 a6 15. b4
b5 16. cxb5 axb5 17. Qb3 Bd7 18. Ne2 Nh5 19. Be3 f5 20. Bd4 Nf6 21. Ba1 Bh6 22.
Rc2 Rc8 23. Nd4 Rxc2 24. Qxc2 Qc8 25. Nc6 Bxc6 26. dxc6 Qc7 27. Qb3+ Kh8 28. a4
e5 29. axb5 Qb6 30. Qc4 Ne8 31. Rd1 Rf6 32. Bf1 Nc7 33. Rxd6 Rxd6 34. Bxe5+ Bg7
35. Bxd6 Ne8 36. Bc5 Qc7 37. Qe6 Nf6 38. b6 Qd8 39. c7 1-0

[Event "89th Hastings Masters 2013-14"]
[Site "Hastings ENG"]
[Date "2014.01.04"]
[Round "8.1"]
[White "Mchedlishvili, Mikheil"]
[Black "Khenkin, Igor"]
[Result "1/2-1/2"]
[WhiteTitle "GM"]
[BlackTitle "GM"]
[WhiteElo "2649"]
[BlackElo "2598"]
[WhiteFideId "13600966"]
[BlackFideId "4659600"]
[EventDate "2013.12.28"]

1. d4 Nf6 2. c4 e6 3. Nf3 d5 4. Nc3 Bb4 5. Bg5 h6 6. Bxf6 Qxf6 7. e3 O-O 8. Rc1
dxc4 9. Bxc4 c5 10. O-O cxd4 11. Nxd4 Bd7 12. Qb3 Nc6 13. Nxc6 Bxc3 14. Qxc3 1/2-1/2

[Event "89th Hastings Masters 2013-14"]
[Site "Hastings ENG"]
[Date "2014.01.04"]
[Round "8.2"]
[White "Ma, Qun"]
[Black "Cherniaev, Alexander"]
[Result "1-0"]
[WhiteTitle "GM"]
[BlackTitle "GM"]
[WhiteElo "2595"]
[BlackElo "2434"]
[WhiteFideId "8603154"]
[BlackFideId "4117301"]
[EventDate "2013.12.28"]

1. e4 c5 2. Nf3 Nc6 3. Bb5 e6 4. Bxc6 bxc6 5. d3 Ne7 6. Qe2 d5 7. h4 h5 8. b3
Ng6 9. Bb2 a5 10. g3 a4 11. O-O Bd6 12. e5 Bc7 13. Ng5 Qe7 14. f4 f6 15. Nf3 Kf7
16. Ba3 Bb6 17. Kh2 axb3 18. axb3 Ba6 19. c4 Ba7 20. Nc3 Rab8 21. Nd2 Bc8 22.
Na4 Nf8 23. d4 Nd7 24. Rfe1 Rh6 25. cxd5 cxd5 26. dxc5 Qe8 27. b4 Nxe5 28. fxe5
Qxa4 29. exf6 gxf6 30. Bb2 Qd7 31. Nf3 Rxb4 32. Bxf6 Bb8 33. Bc3 Rg6 34. Ng5+
Rxg5 35. hxg5 Rh4+ 36. Kg2 Bxg3 37. Kxg3 e5 38. Qf3+ Kg8 1-0

[Event "89th Hastings Masters 2013-14"]
[Site "Hastings ENG"]
[Date "2014.01.04"]
[Round "8.3"]
[White "Sarkar, Justin"]
[Black "Tomczak, Jacek"]
[Result "1-0"]
[WhiteTitle "IM"]
[BlackTitle "GM"]
[WhiteElo "2425"]
[BlackElo "2569"]
[WhiteFideId "2010011"]
[BlackFideId "1124668"]
[EventDate "2013.12.28"]

1. d4 Nf6 2. c4 g6 3. f3 e6 4. e4 d5 5. cxd5 exd5 6. Nc3 Be6 7. e5 Nh5 8. Be3
Be7 9. Qd2 O-O 10. Bh6 Re8 11. O-O-O c5 12. dxc5 Nc6 13. g4 Qa5 14. gxh5 d4 15.
hxg6 hxg6 16. Ne4 Qxa2 17. Qd3 Bb3 18. Be2 Nb4 19. Qxd4 Bxd1 20. e6 f6 21. Bxd1
Qa1+ 22. Kd2 Rad8 23. Nd6 Bxd6 24. cxd6 Rxe6 25. Bf4 Nc6 26. Qc4 Qxb2+ 27. Bc2
Kf7 28. Ne2 Qa3 29. Bxg6+ Kxg6 30. Qxe6 Qb4+ 31. Kd1 Qb1+ 32. Nc1 Qb6 33. Ne2
Qb1+ 34. Bc1 Qd3+ 35. Ke1 Qxe2+ 36. Qxe2 1-0

[Event "89th Hastings Masters 2013-14"]
[Site "Hastings ENG"]
[Date "2014.01.04"]
[Round "8.4"]
[White "Milliet, Sophie"]
[Black "Pert, Nicholas"]
[Result "1/2-1/2"]
[WhiteTitle "IM"]
[BlackTitle "GM"]
[WhiteElo "2387"]
[BlackElo "2554"]
[WhiteFideId "623725"]
[BlackFideId "403989"]
[EventDate "2013.12.28"]

1. e4 e6 2. d4 d5 3. Nc3 Bb4 4. e5 c5 5. a3 Bxc3+ 6. bxc3 Ne7 7. Qg4 Qc7 8. Qxg7
Rg8 9. Qxh7 cxd4 10. Ne2 dxc3 11. f4 Bd7 12. Qd3 Na6 13. Qxc3 Qxc3+ 14. Nxc3 Rc8
15. Bd2 Nc5 16. Nb5 Ne4 17. Nd4 Nf5 18. Nxf5 exf5 19. Rc1 d4 20. h4 Rg3 21. h5
Kf8 22. Rh2 Kg7 23. Bd3 Nc5 24. Rb1 Nxd3+ 25. cxd3 Bc6 26. Ke2 Kh6 27. Rb4 Rd8
28. Be1 Rxg2+ 29. Rxg2 Bxg2 1/2-1/2

[Event "89th Hastings Masters 2013-14"]
[Site "Hastings ENG"]
[Date "2014.01.04"]
[Round "8.5"]
[White "Kipper, Jens"]
[Black "Hawkins, Jonathan"]
[Result "1/2-1/2"]
[BlackTitle "IM"]
[WhiteElo "2378"]
[BlackElo "2512"]
[WhiteFideId "4632796"]
[BlackFideId "412686"]
[EventDate "2013.12.28"]

1. Nf3 Nf6 2. c4 g6 3. Nc3 Bg7 4. e4 d6 5. d4 O-O 6. Be2 Na6 7. O-O e5 8. Be3
Ng4 9. Bg5 Qe8 10. c5 exd4 11. Nd5 Be6 12. Bxa6 Bxd5 13. exd5 bxa6 14. cxd6 cxd6
15. Nxd4 Qe5 16. Qxg4 Qxd4 17. Qxd4 Bxd4 18. Rac1 Rfe8 19. Rc6 Re5 20. Bf6 Rxd5
21. Bxd4 Rxd4 22. Rxa6 Rb8 23. b3 Rb7 24. g3 d5 25. Rc1 Rd2 26. Rc3 d4 27. Rf3
Rd7 28. Rff6 Kf8 29. Rad6 Rxd6 30. Rxd6 Ke7 31. Ra6 d3 32. Rxa7+ Kd6 33. Kg2 Re2
34. Ra8 Kd5 35. Kf3 Kd4 36. Rc8 Rc2 37. Rd8+ Kc3 38. a4 Re2 39. a5 Re6 40. b4 d2
41. b5 Re5 42. a6 Rxb5 43. a7 Ra5 44. Ke3 Re5+ 45. Kf3 Ra5 46. Ke3 1/2-1/2

[Event "89th Hastings Masters 2013-14"]
[Site "Hastings ENG"]
[Date "2014.01.04"]
[Round "8.6"]
[White "Radovanovic, Jovica"]
[Black "Gormally, Daniel W"]
[Result "1-0"]
[WhiteTitle "FM"]
[BlackTitle "GM"]
[WhiteElo "2339"]
[BlackElo "2500"]
[WhiteFideId "915912"]
[BlackFideId "406465"]
[EventDate "2013.12.28"]

1. d4 Nf6 2. c4 e6 3. g3 d5 4. Bg2 Be7 5. Nf3 O-O 6. O-O dxc4 7. Qc2 a6 8. Qxc4
b5 9. Qc2 Bb7 10. Bd2 Nc6 11. e3 Qb8 12. Rc1 Rc8 13. a3 Bd6 14. Bc3 Ne7 15. b4
Be4 16. Qe2 Qb7 17. Nbd2 Bd5 18. Bf1 Bc6 19. Ne1 Ned5 20. Bb2 Nb6 21. Nb3 Nc4
22. Rxc4 bxc4 23. Na5 Qb6 24. Nxc4 Qb8 25. Rc1 Bb5 26. Qc2 a5 27. Bg2 Bxc4 28.
Bxa8 Qxa8 29. Qxc4 axb4 30. axb4 h5 31. b5 Rb8 32. Ra1 Qe4 33. Qd3 Qd5 34. Ba3
Qxb5 35. Bxd6 Qxd3 36. Nxd3 cxd6 37. h4 Rb3 38. Rd1 Rc3 39. Nf4 Rc2 40. Re1 e5
41. dxe5 dxe5 42. Nd3 Ne4 43. Rb1 f6 44. Rb2 Rc3 45. Nb4 Rc4 46. Kg2 Kf7 47. Nd3
Rc3 48. Ne1 Ra3 49. Nf3 Nc5 50. Ne1 Ke6 51. Rc2 Kd5 52. Rd2+ Ke4 53. Rc2 Ra5 54.
Rc4+ Kd5 55. Rc2 e4 56. Kf1 Ke5 57. Ke2 g5 58. Rb2 Kf5 59. f3 exf3+ 60. Kxf3 g4+
61. Kg2 Ke4 62. Kf2 Kd5 63. Rd2+ Ke5 64. Kg2 Ra3 65. Kh2 Ne4 66. Re2 Nc3 67. Rc2
Nd5 68. Ng2 Ke4 69. Rf2 f5 70. Kg1 Ra1+ 71. Kh2 Rd1 72. Ra2 Kf3 73. Rb2 Nc3 74.
Nf4 Ne4 75. Ne2 Rd2 1-0

[Event "89th Hastings Masters 2013-14"]
[Site "Hastings ENG"]
[Date "2014.01.04"]
[Round "8.7"]
[White "Sowray, Peter J"]
[Black "Vakhidov, Jahongir"]
[Result "0-1"]
[WhiteTitle "FM"]
[BlackTitle "IM"]
[WhiteElo "2326"]
[BlackElo "2452"]
[WhiteFideId "400971"]
[BlackFideId "14201801"]
[EventDate "2013.12.28"]

1. d4 Nf6 2. Nf3 g6 3. g3 Bg7 4. Bg2 c5 5. O-O cxd4 6. Nxd4 O-O 7. Nc3 Nc6 8.
Nb3 b6 9. e4 Ba6 10. Re1 d6 11. a4 Rc8 12. Nb5 Qd7 13. c3 Rfd8 14. h3 Ne5 15.
N3d4 Nc4 16. b3 Na5 17. c4 Bb7 18. Rb1 Ba8 19. Qd3 Nb7 20. Nc3 e6 21. Qe3 Nc5
22. Ba3 d5 23. cxd5 exd5 24. e5 Nfe4 25. Nce2 Bxe5 26. f3 Bxd4 27. Qxd4 Ne6 28.
Qe5 N4c5 29. Red1 d4 30. Nc3 Qc7 31. Qxc7 Rxc7 32. b4 Rcd7 33. bxc5 dxc3 34.
Rxd7 Rxd7 35. cxb6 c2 36. Rb4 Rd3 37. Bb2 Rd1+ 38. Kh2 Rb1 39. bxa7 Nf8 40. Rb8
Rxb2 41. Rxa8 c1=Q 42. Rxf8+ Kxf8 43. a8=Q+ Kg7 44. f4 Qe3 45. f5 Rb3 46. f6+
Kxf6 47. Qc6+ Kg7 48. Qc7 Ra3 49. a5 Qe1 50. h4 Rxa5 51. Kh3 Qe6+ 52. Kh2 Qe5
53. Qc2 Ra3 54. Qf2 Rb3 0-1

[Event "89th Hastings Masters 2013-14"]
[Site "Hastings ENG"]
[Date "2014.01.04"]
[Round "8.8"]
[White "Erzhanov, Arman"]
[Black "Hebden, Mark L"]
[Result "0-1"]
[WhiteTitle "FM"]
[BlackTitle "GM"]
[WhiteElo "2325"]
[BlackElo "2560"]
[WhiteFideId "4138821"]
[BlackFideId "400084"]
[EventDate "2013.12.28"]

1. e4 e5 2. Nf3 Nc6 3. Bb5 a6 4. Bxc6 dxc6 5. O-O Qf6 6. d4 exd4 7. Bg5 Qd6 8.
Nxd4 Be7 9. Bxe7 Nxe7 10. Ne2 Be6 11. Qxd6 cxd6 12. Rd1 O-O-O 13. Nbc3 Kc7 14.
Nf4 Ng6 15. Nce2 Rhe8 16. Rd2 Bc8 17. f3 Ne5 18. Nh5 f5 19. Nhg3 fxe4 20. fxe4
Bg4 21. b3 Rf8 22. Nd4 g6 23. Rf1 Rxf1+ 24. Nxf1 Re8 25. Rf2 Re7 26. Nd2 b5 27.
a3 Bc8 28. N4f3 Nf7 29. Rf1 c5 30. Re1 Bb7 31. Kf2 Kd7 32. Re3 Re8 33. Ke2 a5
34. Kf2 b4 35. axb4 axb4 36. h3 Ke6 37. c3 bxc3 38. Rxc3 Rb8 39. Ke3 Kd7 40. Kd3
Ra8 41. Rc1 Ra2 42. Kc3 Nd8 43. Rc2 Ra6 44. Kd3 Nc6 45. Ke3 Nb4 46. Rc1 Ra2 47.
h4 h6 48. g4 Ke6 49. Rc3 Ba6 50. Kf4 Ra1 51. Kg3 Nd3 52. Rc2 Bb5 53. Rc3 Ra2 54.
Kh3 Nf4+ 55. Kh2 Bd3 56. Kh1 Be2 57. Re3 Rb2 58. g5 h5 59. Nc4 Bxc4 60. bxc4 Re2
61. Rxe2 Nxe2 62. Kg2 Nc3 63. Kg3 Nxe4+ 64. Kf4 Nc3 65. Ne1 Ne2+ 66. Kf3 Nd4+
67. Ke4 Nf5 68. Ng2 Ke7 69. Kd5 Kd7 70. Ke4 Kc6 71. Kd3 Kb6 72. Kc3 Ka5 73. Kb3
Nd4+ 74. Ka3 Ne6 75. Kb3 Kb6 76. Kc3 Kc6 77. Ne3 Nf4 78. Kd2 Kd7 79. Ke1 Ke6 80.
Kf2 Ke5 81. Kf3 Ne6 82. Nd5 Nd4+ 83. Kg3 Nf5+ 84. Kh3 Kd4 85. Nb6 Kd3 86. Kg2
Nxh4+ 87. Kg3 Nf5+ 88. Kf4 Kd4 89. Kf3 Ne7 90. Kg3 Ke4 91. Kh4 Kf4 0-1

[Event "89th Hastings Masters 2013-14"]
[Site "Hastings ENG"]
[Date "2014.01.04"]
[Round "8.9"]
[White "Fernandez, Daniel Howard"]
[Black "Flear, Glenn C"]
[Result "0-1"]
[WhiteTitle "IM"]
[BlackTitle "GM"]
[WhiteElo "2381"]
[BlackElo "2471"]
[WhiteFideId "5801605"]
[BlackFideId "400165"]
[EventDate "2013.12.28"]

1. c4 e6 2. g3 d5 3. Bg2 Nf6 4. Nf3 dxc4 5. Qa4+ c6 6. Qxc4 b5 7. Qc2 Bb7 8. O-O
Nbd7 9. d4 c5 10. Bg5 Rc8 11. dxc5 Bxc5 12. Qd3 Qb6 13. Nbd2 Ng4 14. b4 Bxf2+
15. Kh1 Nde5 16. Qb3 O-O 17. Nxe5 Nxe5 18. Rxf2 Qxf2 19. Bxb7 Ng4 20. Bg2 Qd4
21. Rf1 Nf2+ 22. Rxf2 Qxf2 23. Qd1 Rfd8 24. Bxd8 Rxd8 25. Qf1 Qxf1+ 26. Nxf1 Rd1
27. Kg1 Ra1 28. Bc6 Rxa2 29. Bxb5 Rb2 30. Ba6 Rxb4 31. Kf2 Ra4 32. Bd3 a5 33.
Ne3 Ra2 34. Ke1 Ra1+ 35. Kd2 Rh1 36. Nc4 Rxh2 37. Nxa5 Rg2 38. Ke3 Rxg3+ 39. Kf4
Rg1 40. Nc6 h5 41. Ne5 h4 42. Nf3 h3 43. Be4 g5+ 44. Ke3 Rg4 45. Bc6 Kg7 46. Kf2
Rc4 47. Bb5 Rb4 48. Bc6 g4 49. Nh2 f5 50. Kg3 Kf6 51. e4 Kg5 0-1

[Event "89th Hastings Masters 2013-14"]
[Site "Hastings ENG"]
[Date "2014.01.04"]
[Round "8.10"]
[White "Arkell, Keith C"]
[Black "Knott, Simon J B"]
[Result "1/2-1/2"]
[WhiteTitle "GM"]
[BlackTitle "IM"]
[WhiteElo "2438"]
[BlackElo "2317"]
[WhiteFideId "400270"]
[BlackFideId "400645"]
[EventDate "2013.12.28"]

1. d4 Nf6 2. Nf3 g6 3. c4 Bg7 4. g3 d5 5. cxd5 Nxd5 6. Bg2 Nb6 7. Nc3 Nc6 8. e3
O-O 9. O-O Re8 10. b3 e5 11. Nxe5 Nxe5 12. dxe5 Qxd1 13. Rxd1 Bxe5 14. Bb2 c6
15. Rd2 Bf5 16. h3 h5 17. Rad1 Bg7 18. Ne2 Bxb2 19. Rxb2 Rad8 20. Rxd8 Rxd8 21.
Nd4 Bc8 22. Rc2 Nd5 23. a3 Nc7 24. b4 Ne6 25. Nb3 Rd1+ 26. Kh2 Rd3 27. Rb2 Rc3
28. h4 Kf8 29. a4 b6 30. a5 Ba6 31. axb6 axb6 32. Nd2 Bd3 33. Be4 Bxe4 34. Nxe4
Rc1 35. Ra2 c5 36. Ra8+ Kg7 37. b5 Nc7 38. Rb8 Nxb5 39. Rxb6 Na3 40. Ra6 Nb1 41.
Ra7 c4 42. Ng5 c3 43. Rxf7+ Kg8 44. Rc7 c2 45. Rc8+ Kg7 46. Ne6+ Kf7 47. Nd4 Na3
48. Rc7+ Ke8 49. Kg2 Rd1 50. Ne2 Rd2 51. Kf3 Nb5 52. Rc5 Nd6 53. Nd4 Rxf2+ 54.
Kxf2 Ne4+ 55. Kf3 Nxc5 56. Nxc2 Ke7 57. Nd4 Kf6 58. Kf4 Nd3+ 59. Ke4 Nf2+ 60.
Kd5 Nd1 61. Ke4 Nf2+ 62. Kf3 Nd3 63. e4 g5 64. Ke3 Nc5 65. Nf3 gxh4 66. gxh4 Ne6
67. Kd3 Nf4+ 68. Kd4 Ke6 69. Ng5+ Kf6 70. Nf3 Ke6 71. Ke3 Ng6 72. Kd3 Kf6 73.
Kd4 Ke6 74. e5 Kf5 1/2-1/2

[Event "89th Hastings Masters 2013-14"]
[Site "Hastings ENG"]
[Date "2014.01.04"]
[Round "8.11"]
[White "Wegerle, Joerg"]
[Black "Mu, Ke"]
[Result "0-1"]
[WhiteTitle "IM"]
[WhiteElo "2431"]
[BlackElo "2302"]
[WhiteFideId "4644743"]
[BlackFideId "8602778"]
[EventDate "2013.12.28"]

1. Nf3 Nf6 2. b3 g6 3. Bb2 Bg7 4. g3 O-O 5. Bg2 d5 6. c4 c6 7. O-O a5 8. d3 Re8
9. Qc2 Nbd7 10. Nc3 dxc4 11. dxc4 Nc5 12. Rad1 Qc7 13. Qc1 Bg4 14. h3 Bxf3 15.
Bxf3 h5 16. Qe3 Nfd7 17. Bg2 Qe5 18. Qxe5 Bxe5 19. Ba1 Bg7 20. Rd2 Nb6 21. Ne4
Ne6 22. Bxg7 Kxg7 23. f4 Red8 24. Rxd8 Rxd8 25. f5 gxf5 26. Rxf5 a4 27. Rxh5
Rd1+ 28. Kf2 Ra1 29. Ra5 axb3 30. Nc3 Rc1 0-1

[Event "89th Hastings Masters 2013-14"]
[Site "Hastings ENG"]
[Date "2014.01.04"]
[Round "8.12"]
[White "Foisor, Ovidiu-Doru"]
[Black "Harvey, Marcus R"]
[Result "1/2-1/2"]
[WhiteTitle "IM"]
[WhiteElo "2397"]
[BlackElo "2269"]
[WhiteFideId "1200143"]
[BlackFideId "400092"]
[EventDate "2013.12.28"]

1. c4 c5 2. Nf3 Nc6 3. d4 cxd4 4. Nxd4 Nf6 5. Nc3 g6 6. g3 Bg7 7. Bg2 O-O 8. O-O
a6 9. b3 Nxd4 10. Qxd4 d5 11. cxd5 Nxd5 12. Qxd5 Bxc3 13. Bh6 Qxd5 14. Bxd5 Rd8
15. Rad1 Bh3 16. Bg2 Bxg2 17. Kxg2 Bb2 18. Be3 Kf8 19. Rb1 Bd4 20. Bf4 Rac8 21.
Rfc1 Ke8 22. Kf3 e5 23. Bg5 f6 24. Be3 Bxe3 25. Kxe3 Ke7 26. a4 Ke6 27. Rc4 b5
28. axb5 axb5 29. Rcc1 b4 30. Ra1 Kf5 31. f3 h5 32. Kf2 g5 33. Rxc8 Rxc8 34. Ra4
Rb8 35. Ra7 g4 36. Rc7 Rb6 37. Rc4 Rb5 38. Kg2 Kg5 39. h3 gxh3+ 40. Kxh3 Rb8 41.
Rc5 Rd8 42. Rb5 Rd2 43. e4 Kg6 44. f4 exf4 45. gxf4 Rd4 46. e5 Rxf4 47. Rb6 Kf7
48. exf6 h4 49. Kg2 Kg6 50. Kh3 Re4 51. Kg2 Rd4 52. Kh3 Rd3+ 53. Kxh4 Rxb3 54.
Kg4 Rb1 55. Kf4 b3 56. Ke4 1/2-1/2

[Event "89th Hastings Masters 2013-14"]
[Site "Hastings ENG"]
[Date "2014.01.04"]
[Round "8.13"]
[White "Gordon, Stephen J"]
[Black "Ledger, Dave J"]
[Result "1-0"]
[WhiteTitle "GM"]
[BlackTitle "FM"]
[WhiteElo "2519"]
[BlackElo "2246"]
[WhiteFideId "411477"]
[BlackFideId "401986"]
[EventDate "2013.12.28"]

1. d4 Nf6 2. c4 g6 3. Nc3 Bg7 4. e4 d6 5. f3 O-O 6. Be3 c5 7. Nge2 Nc6 8. d5 Ne5
9. Ng3 h5 10. Be2 e6 11. O-O exd5 12. cxd5 Nh7 13. Qd2 a6 14. a4 b6 15. Nh1 Ra7
16. h3 Re7 17. Bh6 Bh8 18. Bxf8 Qxf8 19. f4 Qh6 20. Rad1 Nd7 21. e5 dxe5 22. d6
Re8 23. Bc4 Nhf6 24. Ng3 exf4 25. Rxf4 Ne5 26. Bd5 Be6 27. Bxe6 Rxe6 28. Nge4
Nfd7 29. Nd5 Nc6 30. Qf2 f5 31. Nxb6 Nd4 32. Nxd7 Rxe4 33. Rxe4 fxe4 34. Nf6+
Kf7 35. Ng4+ Nf3+ 36. Qxf3+ 1-0

[Event "89th Hastings Masters 2013-14"]
[Site "Hastings ENG"]
[Date "2014.01.04"]
[Round "8.14"]
[White "Wadsworth, Matthew J"]
[Black "Rahman, Ziaur"]
[Result "0-1"]
[BlackTitle "GM"]
[WhiteElo "2188"]
[BlackElo "2496"]
[WhiteFideId "415804"]
[BlackFideId "10200037"]
[EventDate "2013.12.28"]

1. e4 c5 2. Nc3 e6 3. Nf3 Nc6 4. Bb5 Nd4 5. O-O a6 6. Bd3 Nc6 7. Re1 g5 8. h3 h5
9. Nh2 Bd6 10. g3 Qc7 11. Nf1 Nge7 12. Be2 h4 13. g4 Ng6 14. d3 f6 15. Bf3 b6
16. Ne2 Bb7 17. Bg2 Nce5 18. Ne3 O-O-O 19. c3 f5 20. gxf5 Nf4 21. Nxf4 gxf4 22.
Ng4 exf5 23. Nxe5 Bxe5 24. d4 Rdg8 25. dxe5 Qxe5 26. Kh1 fxe4 27. Bf3 Rg3 28.
fxg3 exf3 29. Kg1 f2+ 30. Kxf2 hxg3+ 31. Kf1 Qf5 32. Qg4 Qd5 33. Ke2 Re8+ 0-1

[Event "89th Hastings Masters 2013-14"]
[Site "Hastings ENG"]
[Date "2014.01.04"]
[Round "8.15"]
[White "Mannion, Stephen R"]
[Black "Kett, Tim"]
[Result "1/2-1/2"]
[WhiteTitle "IM"]
[WhiteElo "2375"]
[BlackElo "2223"]
[WhiteFideId "2400111"]
[BlackFideId "1801210"]
[EventDate "2013.12.28"]

1. e4 e5 2. Nf3 Nc6 3. Bb5 a6 4. Ba4 d6 5. Bxc6+ bxc6 6. d4 f6 7. O-O Ne7 8. Nc3
Ng6 9. Be3 Be7 10. Re1 O-O 11. Qe2 Be6 12. Rad1 Qb8 13. b3 Qb7 14. d5 cxd5 15.
Nxd5 Bd8 16. c4 c6 17. Nc3 Ba5 18. Bd2 Rad8 19. Na4 Nf4 20. Qe3 Bc7 21. Nh4 Bg4
22. f3 Be6 23. g3 Ng6 24. Nf5 Bxf5 25. exf5 Ne7 26. g4 Bb8 27. Ba5 Ba7 28. Bb6
Bxb6 29. Qxb6 Qxb6+ 30. Nxb6 g6 31. fxg6 Nxg6 32. Re2 Nh4 33. Kf2 f5 34. Kg3 Ng6
35. g5 Kf7 36. h4 Ke6 37. Red2 Nf4 38. Na4 h6 39. Nc5+ Ke7 40. Nb7 hxg5 41. hxg5
d5 42. Nxd8 Rxd8 43. cxd5 cxd5 44. Rh1 Rg8 45. Rh7+ Kd6 46. Rh6+ Kc5 47. Rxa6
Rxg5+ 48. Kf2 Rg2+ 49. Ke1 Rg1+ 50. Kf2 Rg2+ 1/2-1/2

[Event "89th Hastings Masters 2013-14"]
[Site "Hastings ENG"]
[Date "2014.01.04"]
[Round "8.16"]
[White "Rayner, Francis"]
[Black "Foisor, Cristina-Adela"]
[Result "0-1"]
[BlackTitle "IM"]
[WhiteElo "2192"]
[BlackElo "2355"]
[WhiteFideId "1800132"]
[BlackFideId "1200496"]
[EventDate "2013.12.28"]

1. e4 e5 2. Nf3 Nc6 3. Bb5 a6 4. Bxc6 dxc6 5. O-O Bg4 6. h3 h5 7. d3 Qf6 8. Be3
Bxf3 9. Qxf3 Qxf3 10. gxf3 Bd6 11. Nd2 Ne7 12. Rfb1 a5 13. a4 Ng6 14. Kf1 Nf8
15. Ke2 Ne6 16. Rg1 f6 17. h4 Kf7 18. c3 Rhd8 19. Nb3 c5 20. Nd2 c6 21. Nc4 Bc7
22. Na3 Rd7 23. Rad1 Rb8 24. Nc4 b5 25. Na3 Bd8 26. Rh1 Be7 27. Rb1 Rdb7 28.
axb5 cxb5 29. c4 b4 30. Nb5 a4 31. Ra1 Ra8 32. Kd2 Ke8 33. Kc2 Kd7 34. Rag1 Kc6
35. Rg2 Bd8 36. Rgg1 Ba5 37. Kd2 b3+ 38. Ke2 Bb4 39. Rg2 Rxb5 40. cxb5+ Kxb5 41.
Ra1 Ra7 42. Rgg1 a3 43. bxa3 Bc3 44. Rac1 Nd4+ 45. Bxd4 Bxd4 46. Rb1 Ka4 47.
Rgc1 b2 48. Rf1 Kxa3 49. Kd2 Kb3 50. Rfc1 Ra1 51. Rg1 Bc3+ 52. Ke2 Kc2 53. Rxb2+
Kxb2 0-1

[Event "89th Hastings Masters 2013-14"]
[Site "Hastings ENG"]
[Date "2014.01.04"]
[Round "8.17"]
[White "Villiers, Thomas"]
[Black "Strugnell, Carl"]
[Result "0-1"]
[BlackTitle "FM"]
[WhiteElo "2078"]
[BlackElo "2291"]
[WhiteFideId "427209"]
[BlackFideId "616753"]
[EventDate "2013.12.28"]

1. c4 e5 2. g3 Nf6 3. Bg2 d5 4. cxd5 Nxd5 5. Nc3 Nb6 6. Nf3 Nc6 7. O-O Be7 8. a3
O-O 9. b4 Re8 10. d3 Bf8 11. Ne4 a5 12. b5 Nd4 13. Nxd4 exd4 14. Qc2 a4 15. Bf3
Be6 16. Bb2 Bb3 17. Qc1 Ra7 18. Nd2 Bd5 19. Bxd5 Nxd5 20. Re1 Ra5 21. Bxd4 Rxb5
22. Qc4 Ra5 23. e4 Ne7 24. Bc3 Ra6 25. d4 Qd7 26. Nf3 Ng6 27. Qd3 Rb6 28. Nd2
Ne5 29. Qe2 Rc6 30. Rec1 Ng4 31. h3 Nf6 32. Kg2 Nd5 33. Bb2 Rb6 34. Nc4 Rb3 35.
f3 Qb5 36. Rc2 f5 37. Kh2 fxe4 38. fxe4 Qa6 39. Rf1 Qg6 40. Qf2 Nf6 41. Nd2 Bd6
42. e5 Qxc2 43. Nxb3 axb3 44. Qxc2 bxc2 45. Rf2 c1=Q 46. Bxc1 Bxe5 47. dxe5 Rxe5
48. Kg2 Kf7 49. Bb2 Re3 50. g4 Ke6 51. g5 Ne4 52. Rc2 c5 53. Bxg7 Rg3+ 54. Kh2
Rxg5 55. Bh6 Rg6 56. Be3 Kd5 57. a4 Ra6 58. Rb2 Kc6 59. Ra2 b6 60. Kg2 Ra7 61.
Kf3 Nc3 62. Ra3 Nxa4 63. h4 b5 64. h5 b4 65. Rb3 Rf7+ 66. Ke2 Nc3+ 67. Kd2 Kd5
68. Kc2 Kc4 69. Rb2 Re7 70. Bd2 Re2 71. Kc1 Ne4 72. Bf4 Re1+ 73. Kc2 Rf1 74. Be3
Rf3 75. Bc1 Rf2+ 76. Kd1 Rf1+ 77. Ke2 Rxc1 78. Ke3 Re1+ 79. Kf4 b3 80. h6 Kc3 0-1

[Event "89th Hastings Masters 2013-14"]
[Site "Hastings ENG"]
[Date "2014.01.04"]
[Round "8.18"]
[White "Prosviriakov, Vladimir"]
[Black "Foisor, Mihaela-Veronica"]
[Result "0-1"]
[WhiteTitle "IM"]
[BlackTitle "WIM"]
[WhiteElo "2282"]
[BlackElo "2216"]
[WhiteFideId "2004860"]
[BlackFideId "2270757"]
[EventDate "2013.12.28"]

1. d4 d5 2. Bf4 Nf6 3. e3 e6 4. Nf3 c5 5. c3 Nc6 6. Nbd2 Nh5 7. Bg5 Qb6 8. Ne5
Nf6 9. Rb1 Nd7 10. Bf4 Be7 11. Bd3 O-O 12. Qh5 f5 13. g4 Nf6 14. Qh3 Nxe5 15.
dxe5 Ne4 16. Rg1 Rf7 17. Nf1 c4 18. Bc2 Bd7 19. Ng3 Bf8 20. Ne2 Nc5 21. Nd4 Nd3+
22. Bxd3 cxd3 23. gxf5 exf5 24. Kd2 Qa6 25. Qf1 Bc5 26. Qxd3 Bxd4 27. Qxa6 Bxc3+
28. Kxc3 bxa6 29. Kd4 Be6 30. Rgc1 Rb7 31. Rc6 Rb6 32. Rbc1 Rab8 33. b3 h6 34.
h4 R8b7 35. Rc7 Rb4+ 36. Kd3 a5 37. Rxb7 Rxb7 38. Rc5 a4 39. bxa4 Kf7 40. a5 Kg6
41. Rc6 Re7 42. Kd4 Kh5 43. Bg3 Kg4 44. Kc5 g5 45. hxg5 hxg5 46. Kd6 Re8 47. Rc7
f4 48. exf4 gxf4 49. Rg7+ Kf3 50. Bh4 d4 51. Be7 Rg8 52. Rh7 Bf5 53. Rh1 d3 54.
Kc6 d2 55. Bb4 Rc8+ 56. Kb7 Rc1 57. Bxd2 Rxh1 58. Kxa7 0-1